Cumulative digest of United States practice in international law. (Record no. 3653)

MARC details
000 -LEADER
fixed length control field 03083cas a22006257a 4500
001 - CONTROL NUMBER
control field 22487244
003 - CONTROL NUMBER IDENTIFIER
control field OSt
005 - DATE AND TIME OF LATEST TRANSACTION
control field 20230704103338.0
008 - FIXED-LENGTH DATA ELEMENTS--GENERAL INFORMATION
fixed length control field 100407d19811988dcuuu o f0 a0eng
010 ## - LIBRARY OF CONGRESS CONTROL NUMBER
LC control number 2022201175
Canceled/invalid LC control number 95645613
-- sn 94017861
022 0# - INTERNATIONAL STANDARD SERIAL NUMBER
International Standard Serial Number 2831-6088
Source 1
035 ## - SYSTEM CONTROL NUMBER
System control number (OCoLC)ocn604234492
037 ## - SOURCE OF ACQUISITION
Source of stock number/acquisition U.S. Govt. Print. Off., Supt. of Docs., Mail Stop: SSOP, Washington, DC 20402-9328
040 ## - CATALOGING SOURCE
Original cataloging agency OCLCE
Language of cataloging eng
Transcribing agency OCLCE
Modifying agency OCLCQ
-- OCLCO
-- OCLCA
-- OCLCF
-- OCL
-- OCLCQ
-- OCLCO
-- OCLCQ
-- LDP
-- DLC
042 ## - AUTHENTICATION CODE
Authentication code dlr
-- pcc
-- nsdp
043 ## - GEOGRAPHIC AREA CODE
Geographic area code n-us---
050 #4 - LIBRARY OF CONGRESS CALL NUMBER
Classification number KZ21
Item number .R68
050 #4 - LIBRARY OF CONGRESS CALL NUMBER
Classification number JX21
Item number .R68
074 ## - GPO ITEM NUMBER
GPO item number 0864-A
082 00 - DEWEY DECIMAL CLASSIFICATION NUMBER
Classification number 341/.0973
Edition number 23/eng/20220331
Item number NAS
086 0# - GOVERNMENT DOCUMENT CLASSIFICATION NUMBER
Classification number S 7.12/3:
222 #0 - KEY TITLE
Key title Cumulative digest of United States practice in international law
Qualifying information (Online)
245 00 - TITLE STATEMENT
Title Cumulative digest of United States practice in international law.
260 ## - PUBLICATION, DISTRIBUTION, ETC. (IMPRINT)
Place of publication, distribution, etc. Washington, DC :
Name of publisher, distributor, etc. Office of the Legal Adviser, Dept. of State :
-- For sale by U.S. G.P.O., Supt. of Docs.,
Date of publication, distribution, etc. [1981-1988]
300 ## - PHYSICAL DESCRIPTION
Extent 1 online resource (3 volumes) :
Other physical details illustrations
336 ## - CONTENT TYPE
Content type term text
Content type code txt
Source rdacontent
337 ## - MEDIA TYPE
Media type term computer
Media type code c
Source rdamedia
338 ## - CARRIER TYPE
Carrier type term online resource
Carrier type code cr
Source rdacarrier
362 0# - DATES OF PUBLICATION AND/OR SEQUENTIAL DESIGNATION
Dates of publication and/or sequential designation 1981-1988, bk. 1-3.
490 1# - SERIES STATEMENT
Series statement Department of State publication
500 ## - GENERAL NOTE
General note Editor: Marian Nash (Leich).
506 ## - RESTRICTIONS ON ACCESS NOTE
Materials specified Use copy
Institution to which field applies MiAaHDL
Standardized terminology for access restriction Restrictions unspecified
Source of term star
533 ## - REPRODUCTION NOTE
Type of reproduction Electronic reproduction.
Place of reproduction [Place of publication not identified] :
Agency responsible for reproduction HathiTrust Digital Library,
Date of reproduction 2010.
Institution to which field applies MiAaHDL
538 ## - SYSTEM DETAILS NOTE
System details note Master and use copy. Digital master created according to Benchmark for Faithful Digital Reproductions of Monographs and Serials, Version 1. Digital Library Federation, December 2002.
Uniform Resource Identifier <a href="http://purl.oclc.org/DLF/benchrepro0212">http://purl.oclc.org/DLF/benchrepro0212</a>
Institution to which field applies MiAaHDL
580 ## - LINKING ENTRY COMPLEXITY NOTE
Linking entry complexity note Continues the annual publication: Digest of United States practice in international law.
583 1# - ACTION NOTE
Action digitized
Time/date of action 2010
Jurisdiction HathiTrust Digital Library
Status committed to preserve
Institution to which field applies MiAaHDL
Source of term pda
588 0# - SOURCE OF DESCRIPTION NOTE
Source of description note Book 1 (1993); title from title page (hathitrust.org, viewed March 31, 2022).
588 1# - SOURCE OF DESCRIPTION NOTE
Source of description note Book 3 (December 1995) (viewed March 31, 2022).
650 #0 - SUBJECT ADDED ENTRY--TOPICAL TERM
Topical term or geographic name as entry element International law
Form subdivision Periodicals.
650 #7 - SUBJECT ADDED ENTRY--TOPICAL TERM
Topical term or geographic name as entry element International law.
Source of heading or term fast
Authority record control number (OCoLC)fst00976984
650 #7 - SUBJECT ADDED ENTRY--TOPICAL TERM
Topical term or geographic name as entry element Diplomatic relations.
Source of heading or term fast
Authority record control number (OCoLC)fst01907412
651 #0 - SUBJECT ADDED ENTRY--GEOGRAPHIC NAME
Geographic name United States
General subdivision Foreign relations
Form subdivision Periodicals.
651 #7 - SUBJECT ADDED ENTRY--GEOGRAPHIC NAME
Geographic name United States.
Source of heading or term fast
Authority record control number (OCoLC)fst01204155
655 #7 - INDEX TERM--GENRE/FORM
Genre/form data or focus term Periodicals.
Source of term fast
Authority record control number (OCoLC)fst01411641
700 1# - ADDED ENTRY--PERSONAL NAME
Personal name Nash, Marian Lloyd.
710 1# - ADDED ENTRY--CORPORATE NAME
Corporate name or jurisdiction name as entry element United States.
Subordinate unit Department of State.
-- Office of the Legal Adviser.
776 08 - ADDITIONAL PHYSICAL FORM ENTRY
Relationship information Print version:
Title Cumulative digest of United States practice in international law
International Standard Serial Number 2831-607X
Record control number (DLC) 95645613
-- (OCoLC)30489374
780 10 - PRECEDING ENTRY
Title Digest of United States practice in international law
785 00 - SUCCEEDING ENTRY
Title Digest of United States practice in international law (2001)
830 #0 - SERIES ADDED ENTRY--UNIFORM TITLE
Uniform title Department of State publication.
906 ## - LOCAL DATA ELEMENT F, LDF (RLIN)
a 7
b bbc
c serasst
d u
e ncip
f 20
g n-oclcserc
942 ## - ADDED ENTRY ELEMENTS (KOHA)
Source of classification or shelving scheme Dewey Decimal Classification
Koha item type Books
Holdings
Withdrawn status Lost status Source of classification or shelving scheme Damaged status Not for loan Home library Current library Date acquired Total Checkouts Full call number Barcode Date last seen Price effective from Koha item type
    Dewey Decimal Classification     County Hall Archives County Hall Archives 07/04/2023   341/.0973 NAS 10003200 07/04/2023 07/04/2023 Books
LIBRARY OPENING HOURS

When the Parliament is sitting: 8.00a.m - 7.00p.m or until the house adjourns
Mondays and Fridays and when the House is on Recess:  8.00a.m - 5.00p.m
Closed on Weekends and Public Holidays

Online Public Access Catalog (OPAC)
Website: http://www.parliament.go.ke
Bunge Library: https://libraryir.parliament.go.ke
Contact: library@parliament.go.ke | Tel no: (254-2)2221291 or 2848000 Ext 5043